| 000 | 00406 a2200169 4500 | ||
|---|---|---|---|
| 001 | 188825 | ||
| 020 | _a978-85-7666-984-5 | ||
| 040 | _cMagnum | ||
| 100 | _aVillacampa, Vicente | ||
| 240 | 1 | 0 |
_aAtlas básico de história universal _lpor |
| 245 | 1 | 0 | _aAtlas básico de história universal |
| 300 | _a96 | ||
| 362 | 0 | _a2007 | |
| 440 | 1 | _aEscala Educacional | |
| 697 | _aHISTÓRIA GERAL | ||
| 942 | _cBK | ||
| 999 |
_c188825 _d188825 |
||